Central Library OPAC University of Rajshahi

Edward Taylor / (Record no. 17543)

MARC details
000 -LEADER
fixed length control field 01081cam a22003011 4500
001 - CONTROL NUMBER
control field 17543
003 - CONTROL NUMBER IDENTIFIER
rucl marc code BD-RjUL
005 - DATE AND TIME OF LATEST TRANSACTION
control field 20211209000146.0
008 - FIXED-LENGTH DATA ELEMENTS--GENERAL INFORMATION
fixed length control field 140217s1965 mnu b 000 0 eng d
035 ## - SYSTEM CONTROL NUMBER
System control number (BD-RjUL) 17601
040 ## - CATALOGING SOURCE
Original cataloging agency DLC
Transcribing agency Wa
Modifying agency DLC
-- BD-RjUL
Language of cataloging eng
041 ## - LANGUAGE CODE
Language code of text/sound track or separate title eng
082 00 - DEWEY DECIMAL CLASSIFICATION NUMBER
Classification number 811.1
Edition number 19
Author mark and year STE 1965
100 1# - MAIN ENTRY--PERSONAL NAME
Personal name Stanford, Donald E.
Fuller form of name (Donald Elwin),
Dates associated with a name 1913-1998.
9 (RLIN) 54049
245 00 - TITLE STATEMENT
Title Edward Taylor /
Statement of responsibility, etc. by Donald E. Stanford.
260 ## - PUBLICATION, DISTRIBUTION, ETC. (IMPRINT)
Place of publication, distribution, etc. Minneapolis :
Name of publisher, distributor, etc. University of Minnesota Press,
Date of publication, distribution, etc. c1965
300 ## - PHYSICAL DESCRIPTION
Pagination 46 p. ;
Size 21 cm.
504 ## - BIBLIOGRAPHY, ETC. NOTE
Bibliography, etc Bibliography: p. 45-46.
600 10 - SUBJECT ADDED ENTRY--PERSONAL NAME
Personal name Taylor, Edward,
Dates associated with a name 1642-1729
General subdivision Criticism and interpretation.
650 #0 - SUBJECT ADDED ENTRY--TOPICAL TERM
Topical term or geographic name as entry element Devotional literature, American
General subdivision History and criticism.
9 (RLIN) 54052
Topical term or geographic name as entry element Christian poetry, American
General subdivision History and criticism.
9 (RLIN) 54053
Topical term or geographic name as entry element Puritan movements in literature.
9 (RLIN) 54054
Topical term or geographic name as entry element Puritans in literature.
9 (RLIN) 54055
942 ## - ADDED ENTRY ELEMENTS (KOHA)
Source of classification or shelving scheme Dewey Decimal Classification
Koha item type Books
Holdings
Lost status Source of classification or shelving scheme Damaged status Not for loan Collection code Permanent Location Current Location Shelving location Date acquired Source of acquisition Cost, normal purchase price Total Checkouts Full call number Date last seen Copy number Koha item type
  Dewey Decimal Classification   Not For Loan Non-fiction Central Library, University of Rajshahi Central Library, University of Rajshahi Reading Room 19/02/1970 Zeit 6.00   811.1 STE 1965 17/02/2014 C-1 Books